ARRUPE JESUIT UNIVERSITY

CORONAVIRUS -STOP THE SPREAD - CLEAN,DISINFECT,COVER

The chronology of oral tradition; (Record no. 15590)

MARC details
000 -LEADER
fixed length control field 00875cam a2200289 4500
001 - CONTROL NUMBER
control field 3155584
003 - CONTROL NUMBER IDENTIFIER
control field ARRUPE
005 - DATE AND TIME OF LATEST TRANSACTION
control field 20170529114729.0
008 - FIXED-LENGTH DATA ELEMENTS--GENERAL INFORMATION
fixed length control field 740723s1974 enk b 001 0 eng
010 ## - LIBRARY OF CONGRESS CONTROL NUMBER
LC control number 74171156
015 ## - NATIONAL BIBLIOGRAPHY NUMBER
National bibliography number GB***
020 ## - INTERNATIONAL STANDARD BOOK NUMBER
International Standard Book Number 0198216947
040 ## - CATALOGING SOURCE
Original cataloging agency DLC
Transcribing agency DLC
Modifying agency DLC
043 ## - GEOGRAPHIC AREA CODE
Geographic area code f------
050 00 - LIBRARY OF CONGRESS CALL NUMBER
Classification number DT19
Item number .H46
082 00 - DEWEY DECIMAL CLASSIFICATION NUMBER
Classification number 960/.072
Edition number 19
300 ## - PHYSICAL DESCRIPTION
Dimensions 22 cm.
100 1# - MAIN ENTRY--PERSONAL NAME
Personal name Henige, David P.
9 (RLIN) 31404
245 14 - TITLE STATEMENT
Title The chronology of oral tradition;
Remainder of title quest for a chimera,
Statement of responsibility, etc by David P. Henige.
260 ## - PUBLICATION, DISTRIBUTION, ETC. (IMPRINT)
Place of publication, distribution, etc Oxford,
Name of publisher, distributor, etc Clarendon Press,
Date of publication, distribution, etc 1974.
300 ## - PHYSICAL DESCRIPTION
Extent 265 p.
350 ## - PRICE (NR) (BK AM CF MU VM SE) [OBSOLETE]
Price £4.75
440 #0 - SERIES STATEMENT/ADDED ENTRY--TITLE
Title Oxford studies in African affairs
9 (RLIN) 5367
504 ## - BIBLIOGRAPHY, ETC. NOTE
Bibliography, etc Bibliography: p. [214]-253.
650 #0 - SUBJECT ADDED ENTRY--TOPICAL TERM
Topical term or geographic name as entry element Oral tradition
Geographic subdivision Africa.
9 (RLIN) 31405
651 #0 - SUBJECT ADDED ENTRY--GEOGRAPHIC NAME
Geographic name Africa
General subdivision Historiography.
9 (RLIN) 22525
906 ## - LOCAL DATA ELEMENT F, LDF (RLIN)
a 7
b cbc
c orignew
d 3
e ncip
f 19
g y-gencatlg
942 ## - ADDED ENTRY ELEMENTS (KOHA)
Source of classification or shelving scheme Library of Congress Classification
Koha item type Monograph ( Printed materials)
Holdings
Withdrawn status Lost status Source of classification or shelving scheme Damaged status Not for loan Collection code Home library Current library Shelving location Date acquired Total Checkouts Full call number Barcode Date last seen Date checked out Copy number Price effective from Koha item type
    Library of Congress Classification     Main Collection ARRUPE LIBRARY ARRUPE LIBRARY   04/03/2013 1 DT19.H46 46003031042 07/12/2017 08/05/2015 1 04/03/2013 Monograph ( Printed materials)

 

Arrupe Library. PO Box MP320 Mt Pleasant, Harare, Zimbabwe
263 242 745411|librarian@aju.ac.zw